Ils ont joué pour... Bayern Munich (Mort subite) - Statistiques

Statistiques générales
  • Ce quiz a été pris 670 fois
    622 depuis la dernière actualisation
  • Le résultat moyen est 10 sur 11
Answers on the Grid
Answers color-coded by a green-red scale on the quiz's grid according to % correct below.
Adil Rami
Samuel Umtiti
Kylian Mbappé
Jean-Pierre Papin
Michael Ballack
Lucas Hernandez
Roberto Baggio
Oliver Kahn
Franz Beckenbauer
Karim Benzema
Bixente Lizarazu
Zlatan Ibrahimovic
Zinedine Zidane
Kingsley Coman
Eden Hazard
Franck Ribéry
Hamit Altintop
Blaise Matuidi
Olivier Giroud
Ousmane Dembélé
Gerd Müller
Raymond Kopa
Just Fontaine
Mario Mandžukić
 
Statistiques - réponses
Réponse % Correct
Kingsley Coman
98%
Franck Ribéry
97%
Gerd Müller
96%
Franz Beckenbauer
95%
Lucas Hernandez
95%
Oliver Kahn
95%
Bixente Lizarazu
88%
Mario Mandžukić
88%
Michael Ballack
87%
Hamit Altintop
80%
Jean-Pierre Papin
57%
Aucun quiz correspondant
Distribution des résultats
% des personnes avec chaque résultat
Percentile par nombre de réponses
Votre historique - résultats
Vous n’avez pas pris ce quiz depuis la dernière actualisation